000 00693nam a22002057a 4500
003 OSt
005 20251203154718.0
008 251203b |||||||| |||| 00| 0 eng d
020 _a971-23-3059-1.
040 _aDWCL-Main lib
_cOC
082 _211th ed.
_aFil. 336.24 T314l 2001
100 _aBenjamin D. Teodoro B.S.C. CPA, LL.B.
245 _aThe law on income taxation:
_bwith illustrations, problems, and solutions/
_cBenjamin D. Teodoro B.S.C. CPA, LL.B.
260 _aManila:
_bRex Book Store,
_cc2001.
300 _axxiv, 668 p. ;
_c23 cm.
504 _aIncludes appendices.
650 _aTaxation - Law.
700 _aHector S. De Leon LL.B
942 _2ddc
_cBK - FIL
_e11th ed.
_kFil.
_n0
999 _c6774
_d6774